00525nam a2200181Ia 450000500170000000800410001702000150005804000180007304100080009108200210009910000230012024500530014325000130019626000450020930000240025465000290027865000360030720220208141850.0210716s2004 xx 000 0 und d a8129700565 cAIMIT LIBRARY aeng a658.4 210bROBS aStephen P. Robbins aOrganizational behavior /cBy Stephen P. Robbins a10th ed. aNew Delhi :bPearson Education ,c2004 . axxix,675p. ;c25cm. aPersonality and Emotions aBasic Approaches to Leadership